000 00378 a2200157 4500
001 17913
020 _a9788572085113
040 _cAnchieta - Bela Vista
100 _aDansa, Lecticia
240 1 0 _aRelógio que atrasa não adianta
_lpor
245 1 0 _aRelógio que atrasa não adianta
300 _a24
362 0 _a2007
650 4 _aLiteratura infanto-juvenil
942 _cBK
999 _c17913
_d17913